| 000 | 00408nam a22001457a 4500 | ||
|---|---|---|---|
| 020 | _a9788131503065 | ||
| 082 | _a621.382 BLA | ||
| 100 | _aBlake, Roy. | ||
| 245 | _aWireless communication technology | ||
| 260 |
_aNew Delhi, India _bCengage Learning _c2001 |
||
| 300 |
_axix, 604 p. _bill. ; |
||
| 500 | _aIncludes index. | ||
| 650 | _a1. Wireless communication systems. 2. Multimedia systems. | ||
| 942 | _cBK | ||
| 999 |
_c12401 _d12401 |
||